000 00852nam a2200301Ia 4500
001 A8005
003 IT-RoPAU
008 130308s9999 xx 000 0 und d
040 _aIT-RoPAU
040 _cIT-RoPAU
041 _aINGLESE
100 _aMerz Caroline
100 _gCodice Aut. SPICS: 36324
245 _aNorwich Women's Film Weekend (The)
245 _bFilms For Women
250 _a1a ed.
260 _aLONDON
260 _bBritish Film Institute
260 _c1987 [1° Ed.:1986 - Ed.Ling.Originale:1986]
300 _a"6 p. (prefazione: no ; testo: 6 [pagine: 189-194])"
500 _aRassegna di Fine settimana su Film di Donne a Norwich. Programmazione dei Fine Settimana.
650 _aGENERI CINEMATOGRAFICI
650 _eCodice materia Spics: 6810
942 _cBK
957 _71
999 _c54765
_d54765
999 _bSI
999 _g1